Políticas de ajuste y movimiento sindical. Seminario Latinoamericano
En el artículo se resumen los puntos principales del seminario sindical latinoamericano y la relación con las políticas de ajuste puestas en práctica en estos países. En esa reunión se enfatizó en el problema de la deuda externa y la importancia de ésta para el capital transnacional. Así mismo se tr...
Enregistré dans:
| Format: | Texte |
|---|---|
| Sujets: | |
| Tags: |
Ajouter un tag
Pas de tags, Soyez le premier à ajouter un tag!
|
MARC
| LEADER | 00000 a a2200000 04500 | ||
|---|---|---|---|
| 001 | 411 | ||
| 003 | |||
| 040 | |||
| 245 | |a Políticas de ajuste y movimiento sindical. Seminario Latinoamericano | ||
| 520 | |a En el artículo se resumen los puntos principales del seminario sindical latinoamericano y la relación con las políticas de ajuste puestas en práctica en estos países. En esa reunión se enfatizó en el problema de la deuda externa y la importancia de ésta para el capital transnacional. Así mismo se trató la función del neoliberalismo y los organismos financieros internacionales, como el FMI, la preocupación del movimiento sindical en la búsqueda de alternativas ante la crisis económica y para lograr un nuevo orden político y económico internacional. Para concluir se exponen las principales recomendaciones surgidas del seminario para la buena marcha del movimiento sindical. LOB/mb | ||
| 650 | |a POLITICA ECONOMICA | ||
| 650 | |a AJUSTE ESTRUCTURAL | ||
| 650 | |a SINDICALISMO | ||
| 650 | |a CRECIMIENTO ECONOMICO | ||
| 650 | |a FMI | ||
| 650 | |a DEUDA EXTERNA | ||
| 650 | |a MERCADO INTERNO | ||
| 650 | |a INVERSIONES PRIVADAS | ||
| 650 | |a PAISES EN DESARROLLO | ||
| 650 | |a PAISES DESARROLLADOS | ||
| 650 | |a SEGURIDAD SOCIAL | ||
| 650 | |a DESEMPLEO | ||
| 773 | |g número 98; páginas 23 | ||
| 999 | |c 24387 |d 24387 | ||
| 773 | 0 | |0 42391 |9 3589 |a Agencia Latinoamericana de Información, ALAI |d Quito, Ecuador: ALAI |o 06975 |t ALAI: |x 08275564 (Servicio mensual de información y documentación) | |
